[Event "Labour Day op"]
[Site "Toronto CAN"]
[Date "2012.09.01"]
[Round "2"]
[White "Sapozhnikov, Roman"]
[Black "Efemuai, Martins"]
[Result "1/2-1/2"]
[WhiteElo "2470"]
[BlackElo "2237"]
[PlyCount "101"]
[GameId "2160767909445411"]
[EventDate "2012.09.01"]
[EventType "swiss"]
[EventRounds "6"]
[EventCountry "CAN"]
[SourceTitle "EXT 2022"]
[Source "ChessBase"]
[SourceDate "2021.10.06"]
[SourceVersion "1"]
[SourceVersionDate "2021.10.06"]
[SourceQuality "1"]

1. e4 c5 2. Nf3 d6 3. d4 cxd4 4. Nxd4 Nf6 5. Nc3 a6 6. Be3 Ng4 7. Bc1 Nf6 8. Be3 Ng4 9. Bg5 h6 10. Bh4 g5 11. Bg3 Bg7 12. Qd2 Nc6 13. Nb3 Bd7 14. f3 Nge5 15. h4 gxh4 16. Bxh4 b5 17. Bf2 Rb8 18. Nd5 Nc4 19. Bxc4 bxc4 20. Nd4 Rxb2 21. Nxc6 Bxc6 22. Bd4 Rxc2 23. Qxc2 Bxd4 24. O-O-O Bc5 25. Qc3 Rg8 26. Rxh6 Bxd5 27. Rxd5 Qb6 28. Rh8 Ba3+ 29. Kc2 Rxh8 30. Qxh8+ Kd7 31. Qc3 e6 32. Rd4 a5 33. Rxc4 Bc5 34. Qb3 Qc6 35. Qa4 e5 36. Qxa5 Ke7 37. a4 Qc8 38. Qb5 Qg8 39. g4 Kf6 40. a5 Qh8 41. Rxc5 Qh2+ 42. Kb3 dxc5 43. Qc6+ Kg5 44. Qxc5 Kf4 45. a6 Qd2 46. a7 Qd8 47. Qa3 Qd3+ 48. Kb2 Qd4+ 49. Kc2 Qf2+ 50. Kb3 Qb6+ 51. Kc4 1/2-1/2

[Event "Labour Day op"]
[Site "Toronto CAN"]
[Date "2012.09.01"]
[Round "2"]
[White "Vavrak, Peter"]
[Black "Knox, Christopher"]
[Result "1/2-1/2"]
[WhiteElo "2486"]
[BlackElo "2190"]
[PlyCount "81"]
[GameId "2160767909445412"]
[EventDate "2012.09.01"]
[EventType "swiss"]
[EventRounds "6"]
[EventCountry "CAN"]
[SourceTitle "EXT 2022"]
[Source "ChessBase"]
[SourceDate "2021.10.06"]
[SourceVersion "1"]
[SourceVersionDate "2021.10.06"]
[SourceQuality "1"]

1. d4 Nf6 2. c4 e6 3. Nc3 Bb4 4. Qc2 c5 5. dxc5 Na6 6. a3 Bxc3+ 7. Qxc3 Nxc5 8. Nf3 O-O 9. e3 b6 10. Be2 a5 11. O-O a4 12. Nd4 Ba6 13. b4 axb3 14. Nxb3 Nce4 15. Qb4 d5 16. Bb2 Qd6 17. Rfc1 Rac8 18. f3 Bxc4 19. Bxc4 Qxb4 20. axb4 dxc4 21. Nd4 Nd6 22. b5 Rfe8 23. Ba3 Nf5 24. Nc6 Nxe3 25. Ne7+ Rxe7 26. Bxe7 Nfd5 27. Bh4 h6 28. Bf2 Nf5 29. Ra4 c3 30. Ra3 Nd6 31. Rb3 Nc4 32. Be1 Na5 33. Ra3 Nc4 34. Rb3 Na5 35. Rbb1 Rc4 36. g3 f5 37. Kf2 e5 38. Rc2 Kf7 39. Ke2 Ke6 40. Bf2 Nb4 41. Rcc1 1/2-1/2

[Event "Labour Day op"]
[Site "Toronto CAN"]
[Date "2012.09.02"]
[Round "3"]
[White "Cheng, Bindi"]
[Black "Agbabishvili, Lali"]
[Result "1-0"]
[WhiteElo "2506"]
[BlackElo "2118"]
[PlyCount "69"]
[GameId "2160767909445413"]
[EventDate "2012.09.01"]
[EventType "swiss"]
[EventRounds "6"]
[EventCountry "CAN"]
[SourceTitle "EXT 2022"]
[Source "ChessBase"]
[SourceDate "2021.10.06"]
[SourceVersion "1"]
[SourceVersionDate "2021.10.06"]
[SourceQuality "1"]

1. d4 Nf6 2. c4 g6 3. Nc3 Bg7 4. e4 d6 5. f4 c5 6. d5 O-O 7. Nf3 Na6 8. Bd3 Bg4 9. O-O Nc7 10. Qe1 Bxf3 11. Rxf3 Nd7 12. Bf1 Rb8 13. Kh1 a6 14. a4 b6 15. g4 e6 16. g5 f6 17. gxf6 Bxf6 18. Bh3 exd5 19. cxd5 Bg7 20. Be3 Ne5 21. Rg3 Nc4 22. f5 Nxe3 23. Qxe3 Qe7 24. fxg6 h6 25. Bf5 Rbe8 26. Qd3 Qe5 27. Rg2 Qd4 28. Qg3 Qe5 29. Qg4 Ra8 30. Nd1 b5 31. Ne3 Qe7 32. Qh3 bxa4 33. Ng4 Qg5 34. Ne5 Qf4 35. Nd3 1-0

[Event "Labour Day op"]
[Site "Toronto CAN"]
[Date "2012.09.02"]
[Round "3"]
[White "Hambleton, Aman"]
[Black "Inigo, Aquino"]
[Result "1-0"]
[WhiteElo "2456"]
[BlackElo "2180"]
[PlyCount "59"]
[GameId "2160767909445414"]
[EventDate "2012.09.01"]
[EventType "swiss"]
[EventRounds "6"]
[EventCountry "CAN"]
[SourceTitle "EXT 2022"]
[Source "ChessBase"]
[SourceDate "2021.10.06"]
[SourceVersion "1"]
[SourceVersionDate "2021.10.06"]
[SourceQuality "1"]

1. d4 d5 2. c4 e6 3. Nc3 Nf6 4. cxd5 exd5 5. Bg5 Be7 6. e3 O-O 7. Bd3 c6 8. Qc2 Nbd7 9. Nge2 Re8 10. O-O-O Nf8 11. h3 Nh5 12. Bxe7 Qxe7 13. g4 Nf6 14. Ng3 h6 15. Kb1 b5 16. Rhe1 Bd7 17. f3 Qd6 18. Qf2 c5 19. Nxb5 Qb8 20. Nc3 cxd4 21. exd4 Ne6 22. Bf5 Qf4 23. Re5 Ng5 24. Bxd7 Rxe5 25. dxe5 Nxd7 26. Nxd5 Qa4 27. Rd4 Nxh3 28. Qd2 Qa6 29. Nc7 Qg6+ 30. Nf5 1-0

[Event "Labour Day op"]
[Site "Toronto CAN"]
[Date "2012.09.02"]
[Round "3"]
[White "Henry, Liam"]
[Black "Lin, Tony (Juntao)"]
[Result "1/2-1/2"]
[WhiteElo "2254"]
[BlackElo "2118"]
[PlyCount "47"]
[GameId "2160767909445415"]
[EventDate "2012.09.01"]
[EventType "swiss"]
[EventRounds "6"]
[EventCountry "CAN"]

1. e4 e6 2. d4 d5 3. Nc3 Bb4 4. e5 b6 5. a3 Bf8 6. f4 Ne7 7. Nf3 c5 8. Ne2 Nbc6 9. c3 c4 10. Be3 Nf5 11. Bf2 h5 12. g3 Na5 13. h3 Bd7 14. Nc1 Be7 15. Bg2 Bc6 16. O-O Qd7 17. Qe1 O-O-O 18. g4 hxg4 19. hxg4 Nh6 20. Bh3 Ba4 21. Qe2 Rdg8 22. Qd2 Kb7 23. Kg2 f5 24. g5 1/2-1/2

[Event "Labour Day op"]
[Site "Toronto CAN"]
[Date "2012.09.02"]
[Round "3"]
[White "Knox, Christopher"]
[Black "Efemuai, Martins"]
[Result "1-0"]
[WhiteElo "2190"]
[BlackElo "2237"]
[PlyCount "78"]
[GameId "2160767909445416"]
[EventDate "2012.09.01"]
[EventType "swiss"]
[EventRounds "6"]
[EventCountry "CAN"]
[SourceTitle "EXT 2022"]
[Source "ChessBase"]
[SourceDate "2021.10.06"]
[SourceVersion "1"]
[SourceVersionDate "2021.10.06"]
[SourceQuality "1"]

1. d4 Nf6 2. c4 c5 3. d5 Ne4 4. Qc2 Qa5+ 5. Nd2 Nd6 6. e4 g6 7. a3 Bg7 8. f4 Na6 9. Rb1 O-O 10. Bd3 b5 11. b3 Rb8 12. e5 bxc4 13. bxc4 Rxb1 14. Qxb1 Ne8 15. Ngf3 d6 16. Ke2 Bg4 17. h3 Bxf3+ 18. Nxf3 Nec7 19. Bb2 Rb8 20. Qc2 Qb6 21. Rb1 e6 22. Bc1 Qxb1 23. Qxb1 Rxb1 24. Bxb1 Bf8 25. exd6 Bxd6 26. dxe6 Nxe6 27. g3 Nb8 28. Be4 Nd7 29. Bb2 Nb6 30. Kd3 h5 31. Bd5 Nc7 32. Bc6 Kf8 33. Ng5 Ne8 34. Ne4 Be7 35. g4 hxg4 36. hxg4 Nc7 37. f5 Kg8 38. Be5 gxf5 39. gxf5 Nba8 1-0

[Event "Labour Day op"]
[Site "Toronto CAN"]
[Date "2012.09.02"]
[Round "3"]
[White "Krnan, Tomas"]
[Black "Samsonkin, Artiom"]
[Result "1-0"]
[WhiteElo "2545"]
[BlackElo "2555"]
[PlyCount "81"]
[GameId "2160767909445417"]
[EventDate "2012.09.01"]
[EventType "swiss"]
[EventRounds "6"]
[EventCountry "CAN"]
[SourceTitle "EXT 2022"]
[Source "ChessBase"]
[SourceDate "2021.10.06"]
[SourceVersion "1"]
[SourceVersionDate "2021.10.06"]
[SourceQuality "1"]

1. e4 c5 2. Nf3 d6 3. d4 cxd4 4. Nxd4 Nf6 5. Nc3 Nc6 6. Bg5 Qa5 7. Bb5 Bd7 8. Nb3 Qd8 9. O-O e6 10. Qe2 Be7 11. Rad1 Qc7 12. Bf4 O-O 13. Qd2 a6 14. Bxc6 Bxc6 15. Bxd6 Bxd6 16. Qxd6 Qxd6 17. Rxd6 Bxe4 18. Nxe4 Nxe4 19. Rb6 Rfc8 20. c3 Rc7 21. Rd1 Nf6 22. Na5 g5 23. Rxb7 Rc5 24. Nb3 Re5 25. g3 g4 26. c4 Rc8 27. c5 Ne4 28. Re1 f5 29. Rd1 Nxc5 30. Rc1 Re1+ 31. Rxe1 Nxb7 32. Rxe6 a5 33. Ra6 Rd8 34. Kg2 h5 35. Ra7 Nd6 36. Rxa5 Kf7 37. h3 Rc8 38. hxg4 hxg4 39. Nd4 f4 40. gxf4 Rc4 41. Nf5 1-0

[Event "Labour Day op"]
[Site "Toronto CAN"]
[Date "2012.09.02"]
[Round "3"]
[White "Loadman, Ian"]
[Black "Song, Michael"]
[Result "0-1"]
[WhiteElo "2128"]
[BlackElo "2353"]
[PlyCount "78"]
[GameId "2160767909445418"]
[EventDate "2012.09.01"]
[EventType "swiss"]
[EventRounds "6"]
[EventCountry "CAN"]
[SourceTitle "EXT 2022"]
[Source "ChessBase"]
[SourceDate "2021.10.06"]
[SourceVersion "1"]
[SourceVersionDate "2021.10.06"]
[SourceQuality "1"]

1. e4 d6 2. d4 Nf6 3. Nc3 c6 4. Nf3 Bg4 5. Be2 e6 6. O-O Be7 7. a4 O-O 8. Be3 d5 9. e5 Nfd7 10. Nd2 Bxe2 11. Nxe2 c5 12. c3 cxd4 13. cxd4 Nc6 14. Ng3 f5 15. exf6 Nxf6 16. Nb3 Na5 17. Nxa5 Qxa5 18. Qb3 Qb4 19. Qxb4 Bxb4 20. b3 Kf7 21. Rfc1 Rfc8 22. f3 Ke7 23. Ne2 Kd7 24. Nf4 Ng8 25. Nd3 Bd6 26. b4 Ne7 27. b5 Rxc1+ 28. Rxc1 Nf5 29. Bf2 b6 30. g4 Ne7 31. Kg2 a6 32. Ne5+ Ke8 33. Nc6 Rc8 34. Bg3 Bxg3 35. Kxg3 axb5 36. axb5 Nxc6 37. bxc6 Ke7 38. Ra1 Kd6 39. Ra7 Rc7 0-1

[Event "Labour Day op"]
[Site "Toronto CAN"]
[Date "2012.09.02"]
[Round "3"]
[White "Sapozhnikov, Roman"]
[Black "Vavrak, Peter"]
[Result "0-1"]
[WhiteElo "2470"]
[BlackElo "2486"]
[PlyCount "80"]
[GameId "2160767909445419"]
[EventDate "2012.09.01"]
[EventType "swiss"]
[EventRounds "6"]
[EventCountry "CAN"]
[SourceTitle "EXT 2022"]
[Source "ChessBase"]
[SourceDate "2021.10.06"]
[SourceVersion "1"]
[SourceVersionDate "2021.10.06"]
[SourceQuality "1"]

1. d4 d5 2. c4 e6 3. Nc3 c6 4. e3 Nf6 5. Nf3 Nbd7 6. Qc2 Be7 7. Bd3 O-O 8. O-O b6 9. e4 dxe4 10. Nxe4 Bb7 11. Rd1 Nxe4 12. Bxe4 Nf6 13. Bd3 Qc7 14. Bg5 h6 15. Bxf6 Bxf6 16. c5 Rfd8 17. Be4 Rd7 18. Rd2 Rad8 19. Rad1 g5 20. h3 h5 21. Rd3 Qf4 22. R3d2 g4 23. hxg4 hxg4 24. g3 Qh6 25. Nh2 Qg5 26. cxb6 axb6 27. Qc4 b5 28. Qe2 Bxd4 29. Kg2 f5 30. Bc2 c5+ 31. Kf1 Qh6 32. Bb3 c4 33. Bxc4 bxc4 34. Qxc4 Qxh2 35. Qxe6+ Kg7 36. Rxd4 Qh1+ 37. Ke2 Qf3+ 38. Ke1 Qxd1+ 39. Kxd1 Rxd4+ 40. Kc2 Rc8+ 0-1

[Event "Labour Day op"]
[Site "Toronto CAN"]
[Date "2012.09.02"]
[Round "4"]
[White "Cheng, Bindi"]
[Black "Henry, Liam"]
[Result "1-0"]
[WhiteElo "2506"]
[BlackElo "2254"]
[PlyCount "53"]
[GameId "2160767909445420"]
[EventDate "2012.09.01"]
[EventType "swiss"]
[EventRounds "6"]
[EventCountry "CAN"]
[SourceTitle "EXT 2022"]
[Source "ChessBase"]
[SourceDate "2021.10.06"]
[SourceVersion "1"]
[SourceVersionDate "2021.10.06"]
[SourceQuality "1"]

1. d4 Nf6 2. c4 g6 3. Nf3 Bg7 4. g3 O-O 5. Bg2 d6 6. O-O Nc6 7. Nc3 Bf5 8. d5 Na5 9. Nd2 c6 10. b4 Nxd5 11. cxd5 Bxc3 12. e4 Bxe4 13. Nxe4 Bxa1 14. bxa5 c5 15. Bh6 Bg7 16. Qd2 Rc8 17. Bxg7 Kxg7 18. Qc3+ Kg8 19. f4 f6 20. Bh3 Rb8 21. Be6+ Kg7 22. g4 b5 23. g5 b4 24. Qh3 fxg5 25. Nxg5 h6 26. Rf3 hxg5 27. fxg5 1-0

[Event "Labour Day op"]
[Site "Toronto CAN"]
[Date "2012.09.02"]
[Round "4"]
[White "Efemuai, Martins"]
[Black "Cummings, David"]
[Result "0-1"]
[WhiteElo "2237"]
[BlackElo "2439"]
[PlyCount "76"]
[GameId "2160767909445421"]
[EventDate "2012.09.01"]
[EventType "swiss"]
[EventRounds "6"]
[EventCountry "CAN"]
[SourceTitle "EXT 2022"]
[Source "ChessBase"]
[SourceDate "2021.10.06"]
[SourceVersion "1"]
[SourceVersionDate "2021.10.06"]
[SourceQuality "1"]

1. c4 e6 2. Nc3 d5 3. d4 Be7 4. Nf3 Nf6 5. Bg5 h6 6. Bh4 O-O 7. e3 b6 8. Qc2 Bb7 9. cxd5 Nxd5 10. Bxe7 Qxe7 11. Be2 c5 12. O-O Nd7 13. Nxd5 exd5 14. Bb5 Nf6 15. Qf5 c4 16. a3 a6 17. Ba4 b5 18. Bc2 a5 19. Ne5 Qe6 20. Qf4 b4 21. Bf5 Qd6 22. h4 Bc8 23. Bb1 Be6 24. g4 Nxg4 25. f3 Nxe5 26. dxe5 Qe7 27. Rf2 f6 28. Rg2 fxe5 29. Qxh6 Rf6 30. Qh7+ Kf8 31. Qh8+ Bg8 32. Bh7 Qf7 33. axb4 a4 34. b3 cxb3 35. Rc1 Rh6 36. Qxg8+ Qxg8 37. Bxg8 Kxg8 38. Rc7 a3 0-1

[Event "Labour Day op"]
[Site "Toronto CAN"]
[Date "2012.09.02"]
[Round "4"]
[White "Filipovich, David"]
[Black "Sapozhnikov, Roman"]
[Result "0-1"]
[WhiteElo "2222"]
[BlackElo "2470"]
[PlyCount "74"]
[GameId "2160767909445422"]
[EventDate "2012.09.01"]
[EventType "swiss"]
[EventRounds "6"]
[EventCountry "CAN"]
[SourceTitle "EXT 2022"]
[Source "ChessBase"]
[SourceDate "2021.10.06"]
[SourceVersion "1"]
[SourceVersionDate "2021.10.06"]
[SourceQuality "1"]

1. Nf3 d5 2. g3 c6 3. Bg2 Nf6 4. c4 dxc4 5. Na3 b5 6. Ne5 Qc7 7. d4 Bb7 8. O-O e6 9. Qc2 Qb6 10. Rd1 Be7 11. Rb1 Na6 12. Bg5 Rd8 13. Qd2 O-O 14. Nc2 c5 15. dxc5 Nxc5 16. Qe3 Bxg2 17. Kxg2 Nd5 18. Rxd5 Bxg5 19. Rxd8 Bxe3 20. Rxf8+ Kxf8 21. Nxe3 Qb7+ 22. f3 f6 23. N5g4 Na4 24. b3 Nc3 25. Rb2 cxb3 26. axb3 Qd7 27. Rc2 Qd4 28. Nf1 Qb4 29. Nd2 a5 30. Nf2 Nxe2 31. Nd3 Qd4 32. Nf2 Nc3 33. Nfe4 Nxe4 34. Nxe4 Kf7 35. Ra2 Qb4 36. Ra1 a4 37. bxa4 Qb2+ 0-1

[Event "Labour Day op"]
[Site "Toronto CAN"]
[Date "2012.09.02"]
[Round "4"]
[White "Knox, Christopher"]
[Black "Krnan, Tomas"]
[Result "0-1"]
[WhiteElo "2190"]
[BlackElo "2545"]
[PlyCount "86"]
[GameId "2160767909445423"]
[EventDate "2012.09.01"]
[EventType "swiss"]
[EventRounds "6"]
[EventCountry "CAN"]
[SourceTitle "EXT 2022"]
[Source "ChessBase"]
[SourceDate "2021.10.06"]
[SourceVersion "1"]
[SourceVersionDate "2021.10.06"]
[SourceQuality "1"]

1. d4 g6 2. c4 Bg7 3. Nc3 c5 4. d5 Bxc3+ 5. bxc3 f5 6. e4 fxe4 7. f3 Nf6 8. fxe4 Qa5 9. Qb3 d6 10. Bd3 O-O 11. Nf3 Bg4 12. Bh6 Re8 13. O-O Nbd7 14. h3 Bxf3 15. gxf3 Ne5 16. Be2 Rab8 17. a4 Nf7 18. Bf4 e5 19. dxe6 Rxe6 20. Bh2 Qd8 21. Qc2 Qe7 22. Bd3 Ne5 23. Rae1 Rf8 24. Re2 Rf7 25. Kh1 Nh5 26. f4 Qh4 27. Ref2 Ref6 28. Be2 Nxf4 29. Bg4 Nxg4 30. hxg4 Nh5 31. Rxf6 Nxf6 32. g5 Nxe4 33. Rxf7 Kxf7 34. Qb1 Ke6 35. Qxb7 Qe1+ 36. Bg1 Nf2+ 37. Kh2 Qe5+ 38. Kg2 Qe4+ 39. Qxe4+ Nxe4 40. Be3 Kf5 41. Kf3 Nxg5+ 42. Ke2 Nf7 43. Bg1 Ke4 0-1

[Event "Labour Day op"]
[Site "Toronto CAN"]
[Date "2012.09.02"]
[Round "4"]
[White "Lin, Tony (Juntao)"]
[Black "Song, Michael"]
[Result "1/2-1/2"]
[WhiteElo "2118"]
[BlackElo "2353"]
[PlyCount "150"]
[GameId "2160767909445424"]
[EventDate "2012.09.01"]
[EventType "swiss"]
[EventRounds "6"]
[EventCountry "CAN"]

1. d4 d6 2. e4 Nf6 3. Nc3 c6 4. Be3 Ng4 5. Bg5 Qa5 6. Qd2 e5 7. Nf3 Nd7 8. Be2 a6 9. O-O Ngf6 10. a4 Be7 11. h3 Bd8 12. Bh4 O-O 13. Bg3 Re8 14. dxe5 dxe5 15. Bc4 Qb4 16. Ba2 Bc7 17. Nd5 Qxd2 18. Nxf6+ Nxf6 19. Nxd2 Be6 20. Bxe6 Rxe6 21. Rfd1 Rd8 22. Kf1 g6 23. Ke2 Nh5 24. Bh2 f5 25. exf5 gxf5 26. Nc4 Rd4 27. b3 Nf6 28. Kf1 Rxd1+ 29. Rxd1 f4 30. f3 b5 31. axb5 cxb5 32. Nb2 Rc6 33. c4 Kf7 34. g3 Ke6 35. gxf4 exf4 36. Re1+ Kf5 37. Rd1 Be5 38. Nd3 bxc4 39. bxc4 Rxc4 40. Nxe5 Kxe5 41. Ra1 Rc6 42. Ra5+ Nd5 43. Bxf4+ Kxf4 44. Rxd5 Kxf3 45. Rf5+ Ke3 46. Rh5 Rc7 47. Ra5 Ra7 48. Ke1 Kf3 49. Kd2 Kg3 50. Rh5 Rd7+ 51. Kc3 Rb7 52. Kc4 a5 53. Rxa5 Kxh3 54. Kd4 Re7 55. Rg5 Kh4 56. Rg8 h5 57. Kd3 Kh3 58. Kd2 h4 59. Rg6 Re4 60. Rg8 Kh2 61. Rg7 h3 62. Rg8 Ra4 63. Ke2 Ra2+ 64. Kf1 Rg2 65. Rh8 Rg7 66. Kf2 Rf7+ 67. Ke2 Rf5 68. Rg8 Ra5 69. Kf2 Ra2+ 70. Kf1 Rg2 71. Rh8 Rg4 72. Kf2 Rf4+ 73. Ke2 Kg2 74. Rg8+ Kh1 75. Rg3 h2 1/2-1/2

[Event "Labour Day op"]
[Site "Toronto CAN"]
[Date "2012.09.02"]
[Round "4"]
[White "Olheiser, Gordon"]
[Black "Hambleton, Aman"]
[Result "0-1"]
[WhiteElo "2132"]
[BlackElo "2456"]
[PlyCount "80"]
[GameId "2160767909445425"]
[EventDate "2012.09.01"]
[EventType "swiss"]
[EventRounds "6"]
[EventCountry "CAN"]
[SourceTitle "EXT 2022"]
[Source "ChessBase"]
[SourceDate "2021.10.06"]
[SourceVersion "1"]
[SourceVersionDate "2021.10.06"]
[SourceQuality "1"]

1. Nf3 Nf6 2. c4 c5 3. g3 b6 4. Bg2 Bb7 5. O-O e6 6. b3 Be7 7. Bb2 O-O 8. e3 Re8 9. Nc3 d6 10. Qe2 a6 11. Rfd1 Nbd7 12. Ne1 Qc7 13. g4 d5 14. d3 h6 15. f4 d4 16. exd4 cxd4 17. Ne4 Bxe4 18. Bxe4 Rad8 19. Ng2 Nc5 20. Bf3 Bd6 21. Qd2 e5 22. Re1 exf4 23. Rxe8+ Nxe8 24. h4 Nf6 25. Kf2 Nfd7 26. Rg1 Ne5 27. Ne1 Be7 28. g5 hxg5 29. hxg5 Ne6 30. Bd5 Nxg5 31. Kf1 Rxd5 32. cxd5 Nef3 33. Nxf3 Nxf3 34. Qg2 Nxg1 35. Kxg1 Qe5 36. d6 Qe3+ 37. Kf1 Qxd3+ 38. Kg1 Qe3+ 39. Kf1 f3 40. Qh3 Qe2+ 0-1

[Event "Labour Day op"]
[Site "Toronto CAN"]
[Date "2012.09.02"]
[Round "4"]
[White "Samsonkin, Artiom"]
[Black "Vavrak, Peter"]
[Result "1/2-1/2"]
[WhiteElo "2555"]
[BlackElo "2486"]
[PlyCount "82"]
[GameId "2160767909445426"]
[EventDate "2012.09.01"]
[EventType "swiss"]
[EventRounds "6"]
[EventCountry "CAN"]
[SourceTitle "EXT 2022"]
[Source "ChessBase"]
[SourceDate "2021.10.06"]
[SourceVersion "1"]
[SourceVersionDate "2021.10.06"]
[SourceQuality "1"]

1. e4 e6 2. d4 d5 3. Nc3 Bb4 4. e5 c5 5. a3 Ba5 6. b4 cxd4 7. Nb5 Bc7 8. f4 Bd7 9. Nxc7+ Qxc7 10. Nf3 Ba4 11. Bd3 Ne7 12. O-O Nbc6 13. Qe1 a6 14. Rf2 Bb5 15. Bd2 Qb6 16. a4 Bxd3 17. cxd3 Nf5 18. Rb1 O-O 19. h3 f6 20. exf6 Rxf6 21. g4 Ne3 22. b5 axb5 23. axb5 Ne7 24. Nxd4 Qxd4 25. Qxe3 Qxe3 26. Bxe3 Ra4 27. f5 exf5 28. Bc5 Ng6 29. Rxf5 Rxf5 30. gxf5 Ne5 31. d4 Nf3+ 32. Kf2 Nxd4 33. Rd1 Nxb5 34. Rxd5 h6 35. Kf3 Rc4 36. Bb6 Nc3 37. Rd7 Ne4 38. Bd4 Ng5+ 39. Ke3 Nf7 40. Rxb7 Nd6 41. Rxg7+ Kf8 1/2-1/2

[Event "Labour Day op"]
[Site "Toronto CAN"]
[Date "2012.09.03"]
[Round "5"]
[White "Krnan, Tomas"]
[Black "Hambleton, Aman"]
[Result "0-1"]
[WhiteElo "2415"]
[BlackElo "2244"]
[PlyCount "122"]
[GameId "2160767909445427"]
[EventDate "2012.09.01"]
[EventType "swiss"]
[EventRounds "6"]
[EventCountry "CAN"]
[SourceTitle "EXT 2022"]
[Source "ChessBase"]
[SourceDate "2021.10.06"]
[SourceVersion "1"]
[SourceVersionDate "2021.10.06"]
[SourceQuality "1"]

1. e4 e6 2. d4 d5 3. Nc3 Bb4 4. exd5 exd5 5. Bd3 Nc6 6. a3 Bxc3+ 7. bxc3 Nge7 8. Qh5 Be6 9. Rb1 Qc8 10. Ne2 Bg4 11. Qg5 O-O 12. Ng3 f6 13. Qd2 Na5 14. f3 Be6 15. O-O Qd7 16. h4 Nc8 17. Qf2 Nd6 18. Bf4 b6 19. Rfe1 Rfe8 20. Nf1 Nac4 21. Ra1 Bf7 22. Nd2 Rxe1+ 23. Qxe1 Re8 24. Qg3 Nb2 25. Bxd6 cxd6 26. Re1 Nxd3 27. cxd3 Rc8 28. c4 dxc4 29. dxc4 d5 30. cxd5 Qxd5 31. Qf4 Rd8 32. Rc1 h5 33. Rc4 b5 34. Rc7 Qxd4+ 35. Qxd4 Rxd4 36. Ne4 a5 37. Rb7 b4 38. axb4 axb4 39. Rb8+ Kh7 40. Rb7 Kg6 41. Nc5 Rxh4 42. Nd3 b3 43. Nc5 Bd5 44. Rb6 Rd4 45. Kh2 Rd2 46. Kg3 Bc4 47. Rb4 Bf1 48. Rxb3 Rxg2+ 49. Kf4 h4 50. Rb1 Rg1 51. Rb8 Kh7 52. Ke3 h3 53. Rb4 g5 54. Rb2 Bg2 55. Ne4 h2 56. Ng3 h1=Q 57. Nxh1 Bxh1 58. f4 Rg3+ 59. Kd4 Kg6 60. fxg5 fxg5 61. Rb8 Kf5 0-1

[Event "Labour Day op"]
[Site "Toronto CAN"]
[Date "2012.09.03"]
[Round "6"]
[White "Hambleton, Aman"]
[Black "Sapozhnikov, Roman"]
[Result "1/2-1/2"]
[WhiteElo "2244"]
[BlackElo "2332"]
[PlyCount "59"]
[GameId "2160767909445428"]
[EventDate "2012.09.01"]
[EventType "swiss"]
[EventRounds "6"]
[EventCountry "CAN"]
[SourceTitle "EXT 2022"]
[Source "ChessBase"]
[SourceDate "2021.10.06"]
[SourceVersion "1"]
[SourceVersionDate "2021.10.06"]
[SourceQuality "1"]

1. d4 Nf6 2. c4 e6 3. Nc3 Bb4 4. Qc2 O-O 5. a3 Bxc3+ 6. Qxc3 Ne4 7. Qc2 f5 8. e3 b6 9. Ne2 Bb7 10. f3 Qh4+ 11. g3 Qh5 12. Bg2 Nf6 13. O-O c5 14. b4 cxd4 15. Nf4 d3 16. Nxh5 dxc2 17. Nxf6+ gxf6 18. Rf2 Rc8 19. Rxc2 d5 20. Bb2 Ba6 21. f4 Bxc4 22. Bxf6 Nd7 23. Bd4 a5 24. Rb2 b5 25. a4 axb4 26. Rxb4 Rcb8 27. axb5 Rxa1+ 28. Bxa1 Rxb5 29. Rxb5 Bxb5 30. Bd4 1/2-1/2

[Event "Labour Day op U1600"]
[Site "Toronto CAN"]
[Date "2012.09.01"]
[Round "1"]
[White "Pishdad, Hassan"]
[Black "Huang, Patrick"]
[Result "1-0"]
[WhiteElo "1371"]
[BlackElo "947"]
[PlyCount "75"]
[GameId "2160767909445429"]
[EventDate "2012.09.01"]
[EventType "swiss"]
[EventRounds "6"]
[EventCountry "CAN"]

1. d4 d5 2. c4 e5 3. e3 Ne7 4. dxe5 Nbc6 5. Nf3 Be6 6. b3 dxc4 7. Qxd8+ Rxd8 8. Bxc4 Bxc4 9. bxc4 Ng6 10. Bb2 Bb4+ 11. Bc3 Ngxe5 12. Nxe5 Nxe5 13. Bxb4 Nd3+ 14. Ke2 Nxb4 15. Nc3 O-O 16. a3 Nc2 17. Ra2 Nd4+ 18. exd4 Rxd4 19. Rd1 Rxc4 20. Rd3 Re8+ 21. Kf1 b5 22. Rad2 c6 23. Rd8 Kf8 24. Rxe8+ Kxe8 25. Re2+ Kd7 26. Ne4 Ra4 27. Nc5+ Kd6 28. Nxa4 bxa4 29. Rb2 Kd5 30. Ke2 c5 31. Rb7 Kc4 32. Rb1 Kc3 33. Rb7 c4 34. Rb4 Kc2 35. Rxa4 Kb3 36. Rxa7 c3 37. Kd1 c2+ 38. Kc1 1-0

[Event "Labour Day op U1600"]
[Site "Toronto CAN"]
[Date "2012.09.01"]
[Round "2"]
[White "Brown, John R"]
[Black "Pishdad, Hassan"]
[Result "1-0"]
[WhiteElo "1527"]
[BlackElo "1371"]
[PlyCount "61"]
[GameId "2160767909445430"]
[EventDate "2012.09.01"]
[EventType "swiss"]
[EventRounds "6"]
[EventCountry "CAN"]

1. d4 Nf6 2. Nc3 d5 3. Bg5 e6 4. e4 Be7 5. e5 Nfd7 6. h4 Bxg5 7. hxg5 Qxg5 8. Nf3 Qe7 9. Qd3 h6 10. O-O-O Nc6 11. a3 Nb6 12. Qe3 Rg8 13. g4 Na5 14. g5 Bd7 15. gxh6 gxh6 16. Rxh6 Nac4 17. Bxc4 Nxc4 18. Qf4 O-O-O 19. Rf6 Rdf8 20. Ng5 Rg7 21. Rh1 Be8 22. Nxe6 Qxe6 23. Rxe6 Rfg8 24. Re7 Rg1+ 25. Rxg1 Rxg1+ 26. Nd1 Kd8 27. Qh4 Rg8 28. Rxf7+ Kc8 29. e6 Bxf7 30. exf7 Rf8 31. Qe7 1-0

[Event "Labour Day op U1600"]
[Site "Toronto CAN"]
[Date "2012.09.02"]
[Round "3"]
[White "Pishdad, Hassan"]
[Black "Cai, Jason"]
[Result "0-1"]
[WhiteElo "1371"]
[BlackElo "1152"]
[PlyCount "114"]
[GameId "2160767909445431"]
[EventDate "2012.09.01"]
[EventType "swiss"]
[EventRounds "6"]
[EventCountry "CAN"]

1. d4 Nf6 2. c4 g6 3. Nc3 d5 4. e3 Bg7 5. h3 O-O 6. cxd5 Nxd5 7. Bc4 Nxc3 8. bxc3 c5 9. Nf3 Nc6 10. Ba3 Qa5 11. Qb3 cxd4 12. Bb4 Nxb4 13. cxb4 Qd8 14. Rd1 Qb6 15. Nxd4 e6 16. O-O Bd7 17. a4 a5 18. b5 Qc5 19. Nf3 Rfd8 20. Rc1 Rac8 21. Nd2 Qb4 22. Qa2 Bxb5 23. Bxb5 Rxc1 24. Rxc1 Rxd2 25. Rc8+ Bf8 26. Qa1 Rb2 27. Kh2 Qd6+ 28. Kg1 Rd2 29. Rc1 Qa3 30. Qxa3 Bxa3 31. Rf1 Bc5 32. Rc1 b6 33. Rf1 Kg7 34. Kh2 g5 35. Kg1 e5 36. e4 Kg6 37. g3 f5 38. exf5+ Kxf5 39. Bc6 Rd3 40. Kg2 Rd6 41. Bb5 Rd4 42. f3 Rd2+ 43. Kh1 h5 44. Bc6 h4 45. Be4+ Kf6 46. g4 Ke7 47. Bc6 Kd6 48. Bb5 Kd5 49. Be8 Kd6 50. Bb5 Kc7 51. Be8 Kd6 52. Bb5 Kd5 53. Be8 Kd4 54. Bc6 Ke3 55. Re1+ Kf4 56. Bb5 Kg3 57. Be2 Kf2 0-1